000 00636nam a2200205Ii 4500
003 JO-AjNU
008 230606s9999||||xx |||||||||||||| ||und||
020 _a0-07-250357-2
040 _aJO-AjNU
_beng
_erda
_cJO-AjNU
041 _aeng
050 1 4 _aHF5681.B2.G842 2005
100 3 _aGuenther,David A,
_eauthor
_93060
245 0 0 _aFinancial Reporting and Analysis
264 3 1 _aBoston : Mc Graw Hill Irwin , 2005
300 _a521p
_b Includes indexes(p513-521)
336 _atext
_btxt
_2rdacontent
337 _aunmediated
_bn
_2rdamedia
338 _avolume
_bnc
_2rdacarrier
650 4 _aFinancial Reporting and Analysis
_93061
999 _aE1605
_c1605
_d1605